[Event "GER-ch 70th"]
[Site "Bremen"]
[Date "1998.11.06"]
[Round "1"]
[White "Mainka, Romuald"]
[Black "Jussupow, Artur"]
[Result "0-1"]
[WhiteElo "2480"]
[BlackElo "2640"]
[Annotator "Finkel,A"]
[PlyCount "84"]
[EventDate "1998.11.06"]
[EventType "swiss"]
[EventRounds "9"]
[EventCountry "GER"]
[SourceTitle "CBM 068"]
[Source "ChessBase"]
[SourceDate "1999.02.01"]
[SourceVersion "1"]
[SourceVersionDate "1999.02.01"]
[SourceQuality "1"]

1. e4 {Finkel,A} Nf6 2. e5 Nd5 3. d4 d6 4. Nf3 Bg4 5. Be2 e6 6. O-O Be7 7. c4
Nb6 8. Nc3 O-O 9. Be3 a6 10. Nd2 {Harmless continuation permitting black
easily to solve opening problems.} (10. b3 {Finkel,A} N8d7 (10... d5 11. c5
N6d7 12. Nd2 Bf5 13. f4 f6 14. Nf3 (14. g4 $5 Bg6 15. Nf3 $14) 14... fxe5 15.
fxe5 Nc6 16. Bd3 b6 $11 {Spasov,V-Ehlvest,J/Biel izt 1993 (40)}) 11. Rc1 $5 {
Finkel,A} (11. h3 {Finkel,A} Bf5 12. exd6 cxd6 13. Re1 $5 h6 14. Bd3 Bxd3 15.
Qxd3 Rc8 16. Rad1 Re8 17. Bf4 $14 {Chandler,M-Hort,V/Surakarta 1982/1/2-1/2 
(65)}) 11... Rb8 12. Re1 dxe5 (12... Bxf3 13. exd6 Bxe2 14. dxe7 Bxd1 15.
exd8=Q Rbxd8 16. Rcxd1 $14 {[%csl Rb6]}) 13. Nxe5 Nxe5 (13... Bxe2 $6 14. Qxe2
Nxe5 15. dxe5 Nd7 16. Red1 $16) 14. Bxg4 Nxg4 15. Qxg4 Nd7 16. Bh6 $14 {
Oratovsky,M-Zilberman,Y/ISR-chT (AFEK-Herzliya) 1996 (30)}) (10. Qb3 $5 dxe5
11. c5 $6 exd4 12. cxb6 c5 13. Rfd1 Qe8 14. Nxd4 cxd4 15. Bxd4 Bxe2 16. Nxe2
Nc6 $15 {Rabiega,R-Jansa,V/AUT-chT9596}) (10. exd6 cxd6 11. b3 d5 12. c5 (12.
h3 Bh5 13. Ne5 Bxe2 14. Qxe2 Nc6 15. Rfd1 Bf6 $11 {Anand,V-Jussupow,A/Wijk cm2
1994/1/2-1/2 (60)}) 12... Nc8 13. b4 Nc6 14. Qb3 Bf6 15. Rfd1 N8e7 16. Rd2 Nf5
$11 {Dolmatov,S-Morozevich,A/Moscow PCA-Intel qual 1995/1/2-1/2 (65)}) 10...
Bf5 ({Worse is} 10... Bxe2 $6 11. Qxe2 dxe5 12. dxe5 Nc6 13. Rad1 Qe8 14. f4
Rd8 15. Nde4 $14 {and white keeps the advantage due to better position of the
pieces and more space.}) 11. Nde4 (11. exd6 $5 cxd6 12. Qb3 Qc7 13. Rac1 N8d7
$132) 11... dxe5 12. dxe5 N8d7 13. f4 f6 14. Qb3 {Starting complications with
quiet unclear consequances.Another possibility was} (14. exf6 $5 Nxf6 15. Nc5
Rb8 16. Qxd8 Rfxd8 17. Rad1 Ng4 $11 {with balanced position.}) 14... fxe5 15.
fxe5 Bxe4 {Choosing to simplify the position.Deserved attention} (15... Nxe5 $5
{with mutual chanses.}) 16. Nxe4 Nxe5 17. Rad1 (17. Rfd1 $5 Qe8 (17... Qc8 18.
Bxb6 cxb6 19. Qxb6 Nxc4 20. Bxc4 Qxc4 21. Qxb7 $11) 18. c5 $2 (18. Bxb6 Qc6 $5
(18... cxb6 19. Qxb6 Qc6 20. Qxc6 bxc6 $11) 19. Bxc7 Qxc7 (19... Qxe4 20. Bxe5
Qxe5 21. Bf3 Rab8 $11) 20. c5 Qc6 21. Qe3 $11) 18... Nd5 19. Bd4 Rf4 $1 $19 {
[%cal Gf4d4,Ge7c5]}) 17... Rxf1+ 18. Bxf1 Qe8 (18... Qc8 19. c5 $5 Nd5 20. Rxd5
exd5 21. Qxd5+ Nf7 22. Bc4 Qe8 23. Qxb7 $44) 19. Bxb6 cxb6 20. Qxb6 Qc6 21.
Qxc6 bxc6 $15 {[%csl Rc4][%cal Ga8b8,Gb8b4,Ga6a4] The arising endgame should
be assesed as slightly better for black,but black's advantage has symbolical
character and it's really hard to believe that white will lose this position
in ten moves!} 22. Be2 Rf8 23. g3 a5 24. Kg2 Rb8 25. Rd2 Rb4 26. a3 $6 ({
Why not} 26. b3 $1 a4 27. Bd1 Kf7 28. Bc2 $11 {and white is outof any danger.})
26... Rb3 27. Kf2 (27. c5) 27... c5 28. Nc3 Bg5 29. Rc2 Nc6 30. Nb5 $2 (30. Nd1
Nd4 31. Rc3 Rb7) 30... Nd4 31. Nxd4 Be3+ $1 32. Kf3 Bxd4+ $19 33. Ke4 Bxb2 34.
a4 Bd4 35. Bd3 Ra3 36. Rc1 Rxa4 37. Rb1 Ra2 38. h4 a4 39. g4 a3 40. Rb8+ Kf7
41. Rb7+ Kf6 42. Ra7 h6 0-1

[Event "Donetzk zt"]
[Site "Donetsk"]
[Date "1998.11.11"]
[Round "9"]
[White "Milov, Leonid"]
[Black "Kopylov, Michael"]
[Result "1-0"]
[WhiteElo "2490"]
[BlackElo "2385"]
[Annotator "Finkel,A"]
[PlyCount "53"]
[EventDate "1998.11.02"]
[EventType "swiss"]
[EventRounds "11"]
[EventCountry "UKR"]
[SourceTitle "CBM 068"]
[Source "ChessBase"]
[SourceDate "1999.02.01"]
[SourceVersion "1"]
[SourceVersionDate "1999.02.01"]
[SourceQuality "1"]

1. e4 Nf6 2. e5 Nd5 3. d4 d6 4. Nf3 Bg4 5. Be2 e6 6. c4 Nb6 7. Nc3 Nc6 $6 {
Serious inaccuracy after which black faces opening problems.More in the spirit
of the position was} (7... Bxf3 $5 8. Bxf3 c6 9. Qe2 $2 dxe5 10. dxe5 Qd4 11.
O-O N8d7 12. Re1 Qxc4 $17 {Zavadsky,P-Nesterov,J/Bratislava op 1993 (44)}) ({or
} 7... dxe5 $5 8. Nxe5 Bxe2 9. Nxe2 (9. Qxe2 Qxd4 10. Nb5 Bb4+ 11. Kf1 Qd8 12.
Bf4 O-O 13. Rd1 Qe7 14. Nf3 $44 {Rantanen,Y-Solozhenkin,E/FIN-chT 1993 (38)})
9... Bb4+ 10. Nc3 N8d7 11. Qb3 Nxe5 12. dxe5 Qe7 13. O-O Qc5 $15 {Martin,
H-Paolini,C/Trelew Clarin-GP 1995 (28)}) 8. exd6 cxd6 9. d5 exd5 (9... Ne7 10.
dxe6 Bxe6 11. Nd4 Nc6 12. Nxe6 fxe6 13. Be3 $14) (9... Nb4 10. Nd4 $5 Bxe2 11.
Qxe2 e5 12. a3 Na6 13. b3 $14) 10. cxd5 Bxf3 11. gxf3 $1 $36 {[%csl Rg7][%cal
Gh1g1,Gd1d4,Ge2b5] Fully justified decision:in this position the time and the
space for the pieces is more valuable factor than damaged pawn structure.} Ne5
({Nothing changes} 11... Ne7 12. Qd4 Nd7 (12... Ng6 13. Be3 Qf6 14. Qb4 Ne5 15.
Qb5+ $16) 13. Nb5 $5 Nc8 14. Bg5 f6 15. Be3 a6 16. Qe4+ Be7 17. Nd4 $16 {
and white has significient advantage.}) 12. Bb5+ Ned7 (12... Nbd7 13. Qe2 a6 (
13... Be7 14. f4 Ng6 15. f5 Nh4 16. f6 $5 $16) 14. Bxd7+ Kxd7 15. f4 Ng6 16.
Be3 $36) 13. Qd4 a6 14. Be2 Rc8 (14... Qf6 15. Qb4 $1 {[%csl Rb6]}) 15. Rg1 $5
{Black is running out of usefull moves and his kingside is good target for
white pieces.} Be7 16. Ne4 (16. Rxg7 $6 Bf6 17. Qe3+ Qe7 18. Qxe7+ Kxe7 19. Bg5
$8 (19. Rg4 Rxc3 $19) 19... Rhg8 $11) 16... Ne5 (16... Nf6 17. Rxg7 Nfxd5 18.
Bd2 $16 {[%cal Gd2a5,Ga1d1]}) 17. Kf1 $1 $16 {Threatening to take on g7.} (17.
Rxg7 $2 Bf6 18. Bg5 $8 (18. Nxf6+ Qxf6 $17 {[%cal Ge5f3,Gf6g7]}) 18... Nxf3+
19. Bxf3 Bxd4 20. Bxd8 Rxd8 $11) 17... Rc2 {Desperation!Black is compleatly
tied up and he makes an attempt to get some counterplay,but this attempt
doesn't work out.} (17... O-O 18. Bh6 g6 19. f4 f5 20. Ng5 $18) 18. f4 Ng6 19.
Bd3 Qc8 20. Bxc2 $18 Qxc2 21. Be3 $1 {[%cal Ga1c1] Forcing the exchange of
queens.} Qc4+ 22. Qxc4 Nxc4 23. Rc1 Nxe3+ 24. fxe3 f5 25. Ng5 Bxg5 26. Rxg5 O-O
27. Rc7 1-0

[Event "FIDE-Wch k.o."]
[Site "Moscow"]
[Date "2001.11.27"]
[Round "1.1"]
[White "Belkhodja, Slim"]
[Black "Vaganian, Rafael A"]
[Result "0-1"]
[WhiteElo "2489"]
[BlackElo "2650"]
[Annotator "Finkel,A"]
[PlyCount "104"]
[EventDate "2001.11.27"]
[EventType "k.o."]
[EventRounds "7"]
[EventCountry "RUS"]
[SourceTitle "CBM 086"]
[Source "ChessBase"]
[SourceDate "2002.02.05"]
[SourceVersion "1"]
[SourceVersionDate "2002.02.05"]
[SourceQuality "1"]

1. e4 Nf6 2. e5 Nd5 3. c4 Nb6 4. d4 d6 5. exd6 exd6 6. Nc3 Be7 7. Nf3 Bg4 8.
Be2 O-O (8... Nc6 9. d5 Bxf3 10. Bxf3 Ne5 11. Be2 O-O 12. b3 Bf6 13. Bb2 Ng6
14. O-O Nd7 15. g3 a5 16. Qc2 $14 {Dvoirys,S-Kengis,E/Barnaul 1988/TD}) 9. O-O
Nc6 10. d5 $5 {This move leads to minimal advantage of white.} (10. b3 d5 (
10... Bf6 11. Be3 Re8 (11... d5 12. c5 Nc8 13. h3 Be6 14. g4 h6 15. a3 N8e7 16.
Ne1 g5 17. Ng2 Ng6 $132 {Najer,E-Ivanov,V/Moscow 1995/CBM 46}) 12. Qd2 (12. h3
Bh5 13. Rc1 (13. Qd2 d5 14. c5 Nc8 15. Rad1 h6 16. g4 Bg6 17. Ne1 Qd7 18. Ng2
$14 {Barthel,A-Huenerfauth,U/Hagenbach 1998/EXT 2001}) 13... d5 14. c5 Nc8 15.
Re1 a5 16. Qd2 h6 17. Bf4 g5 18. Bh2 $14 {Kholmov,R-Donchenko,A/Moscow 1991/TD}
) 12... Qd7 (12... a6 13. h3 Bh5 14. a4 a5 15. d5 Bxf3 16. Bxf3 Bxc3 17. Qxc3
$16 {Rudolf,H-Nicolosi,T/Hamburg 1997/EXT 98}) 13. h3 Bh5 14. Rfe1 a5 15. a4
Nb4 16. Na2 Nxa2 17. Rxa2 Nc8 $11 {Maroczy,G-Gruenfeld,E/Budapest 1932/EXT 99})
11. c5 Nc8 12. h3 Bxf3 13. Bxf3 Bf6 14. Be3 N8e7 15. Qd3 g6 16. g4 $14 {
Zvjaginsev,V-Bjerring,K/Terrassa 1996/EXT 99}) 10... Bxf3 11. Bxf3 Ne5 12. b3
Bg5 $5 {Forcing white bishop to come to b2, if white wants to keep it on the
board.} (12... Nxf3+ $6 13. Qxf3 Bf6 14. Bd2 Qd7 15. Rae1 Rae8 16. a4 $14) 13.
Bb2 Nxf3+ 14. Qxf3 Bf6 15. Rae1 Nd7 16. Nd1 {White starts to play for a draw.}
(16. Re3 $5 Re8 17. Rfe1 Rxe3 18. Qxe3 $14) 16... Re8 17. Bxf6 Qxf6 18. Qxf6
Nxf6 19. Nc3 a6 $11 20. f3 Nd7 21. Kf2 {It's hard to believe that white may
lose such position, but step by step black gains additional positional pluses
till white finally collapses at the very end of the game.} (21. f4 $5 {[%cal
Gg1f2,Gf2f3]}) 21... Ne5 22. Re3 f5 $1 23. Rd1 (23. Ne2 $6 b5 24. Rc1 bxc4 25.
bxc4 Rab8 $15) 23... Re7 24. h3 Rae8 25. Re2 g5 26. g3 Kf7 27. Rd4 ({Not so
bad was} 27. f4 gxf4 28. gxf4 Ng6 29. Rxe7+ Rxe7 30. Kf3 $11 {, but white
doesn't want to make any weaknesses.}) 27... Kf6 28. Rc2 (28. f4 gxf4 29. gxf4
Ng6 30. Rxe7 Rxe7) 28... h5 29. Ne2 $6 g4 30. fxg4 (30. Ng1) 30... hxg4 31. h4
Nf3 $15 32. Rd3 (32. Rf4) 32... Re4 33. Rb2 R8e7 34. a4 a5 35. Nc3 (35. Rc2)
35... Re1 36. Re2 R7xe2+ 37. Nxe2 Rb1 38. Nf4 $6 (38. Re3) 38... Rb2+ 39. Ke3 (
39. Kf1 Nd2+ 40. Ke1 Nxb3 $17) 39... Ne1 $5 40. Rc3 Ng2+ 41. Nxg2 Rxg2 42. Kd4
f4 $5 43. gxf4 Kf5 44. c5 $2 {Finally making a decisive mistake!} (44. Re3 $1 {
[%cal Ge3e7]} Rh2 (44... Rd2+ 45. Kc3 Rh2 46. Re7 g3 47. Rxc7 Rxh4 (47... g2 $6
48. Rg7 Kxf4 49. c5 dxc5 50. d6 $16) 48. Rf7+ Ke4 49. Rxb7 Rg4 50. Re7+ Kf3 51.
Re1 Kf2 52. Rb1 g2 53. c5 $13) 45. Re7 g3 46. Rxc7 g2 47. Rg7 Kxf4 48. c5 dxc5+
49. Kxc5 Kf3 50. d6 Rxh4 51. d7 Rh8 52. Kb6) 44... Kxf4 $19 45. cxd6 cxd6 46.
Rc7 (46. Rc1 Rd2+ 47. Kc4 g3 48. h5 g2 49. Rg1 (49. h6 Rc2+ $1 $19) 49... Kf3
$19) 46... Rd2+ 47. Kc3 Rxd5 {[%cal Gg4g1]} 48. Rxb7 g3 49. Rg7 Kf3 50. b4
axb4+ 51. Kxb4 Rd4+ 52. Kb5 g2 0-1

[Event "Petrov Memorial op"]
[Site "St Petersburg"]
[Date "2000.02.09"]
[Round "3"]
[White "Shaposhnikov, Evgeny"]
[Black "Bratchenko, Alexander"]
[Result "1-0"]
[WhiteElo "2503"]
[BlackElo "2400"]
[Annotator "Finkel,A"]
[PlyCount "70"]
[EventDate "2000.02.05"]
[EventType "swiss"]
[EventRounds "9"]
[EventCountry "RUS"]
[SourceTitle "CBM 076"]
[Source "ChessBase"]
[SourceDate "2000.05.31"]
[SourceVersion "1"]
[SourceVersionDate "2000.05.31"]
[SourceQuality "1"]

1. e4 Nf6 2. e5 Nd5 3. d4 d6 4. Nf3 Bg4 5. Be2 e6 6. O-O Be7 7. c4 Nb6 8. h3
Bh5 9. exd6 cxd6 10. Nbd2 {It's not so clear where the knight is better placed:
on d2 or c3,but on my point of view developing the knight on d2 white keeps
more options for further play.} (10. Nc3 $5 O-O 11. Bf4 N8d7 12. b3 a6 13. Re1
Rc8 14. Rc1 Re8 15. Nd2 Bxe2 16. Qxe2 Nf6 17. Qd3 h6 $132 {1/2-1/2
Thorhallsson,T-Zilberman,Y/Peer Gynt 1995}) 10... Nc6 11. b3 (11. a3 a5 12. b3
O-O 13. Bb2 d5 14. c5 Nd7 15. Bc3 Nf6 16. b4 Ne4 17. Qc2 Bg6 18. Qb2 $14 {
Korneev,O-Pogorelov,R/Berga op 1995}) 11... Bg6 (11... O-O 12. Bb2 d5 13. c5
Nd7 14. a3 f6 15. b4 a6 16. Re1 Bf7 17. Bd3 $14 {Bogut,Z-Viland,B/CRO-chT2 1997
}) 12. Bb2 O-O 13. a3 a5 14. Re1 (14. Bc3 Bf6 15. b4 $6 Na4 $1 16. Qxa4 axb4
17. Qxa8 Qxa8 18. axb4 Qb8 19. b5 Ne7 $17 {Kosten,A-Baburin,A/86th ch-British
1999}) 14... Bf6 ({Deserved attention typical for this kind of positions
advance 14...d5:} 14... d5 $5 15. c5 (15. Nf1 dxc4 16. bxc4 Bf6 17. Ne3 Be4
$132) 15... Nd7 16. Bb5 $5 (16. Bc3 Nf6 17. Nh4 Ne4 18. Nxe4 Bxe4 $11) 16...
Nf6 17. Qe2 Ne4 18. Nxe4 Bxe4 19. Nd2 Bf5 20. Bc3 Bf6 21. Nf3 Be4 22. Rad1 $14)
15. Rc1 Qb8 $6 {Strange place for a queen!} 16. Nf1 {[%cal Gf1e3,Ge3g4]} Rc8
17. Ne3 $14 d5 18. Ng4 Be7 19. Nge5 Rc7 (19... Be4 $5 20. c5 Bxf3 21. Nxf3 Nd7
22. Bc3 b6 23. b4 $14) 20. Nxg6 hxg6 21. c5 Nd7 22. Bc3 b6 $6 {It was
necessary to play} (22... Nf6 $1 {and only then b6:} 23. Bd3 b6 24. b4 axb4 25.
axb4 bxc5 26. dxc5 Nxb4 $13 {with unclear position.}) 23. b4 axb4 24. axb4 bxc5
25. dxc5 $16 Bf6 {Now the capture on b4 is losing and white pawns become
serious force.} (25... Nxb4 26. Qd4 $1 $18 {[%cal Gd4b4,Gd4g7]}) 26. b5 Na5 27.
c6 Nb6 28. Be5 $1 Qd8 $6 ({No easy life would expect black after} 28... Bxe5
29. Nxe5 {[%csl Ra5]} Nbc4 30. Bxc4 Nxc4 31. Nxc4 dxc4 32. Qd6 $1 $16) 29. Bxc7
Qxc7 30. Nd2 $18 {Black has managed to stop the pawns,but it's only temporary
measures.} Qf4 31. Nb3 Nac4 32. g3 $5 Qc7 33. Nc5 {[%cal Gc5a6]} Ra2 34. Bxc4
Nxc4 35. Nd7 Be7 (35... Be7 36. Qb3 $1 Rb2 37. Qxb2 $1 Nxb2 38. b6 Qd8 39. c7
$18) 1-0

[Event "BCF-chT 0102 (4NCL)"]
[Site "Birmingham"]
[Date "2002.05.06"]
[Round "11.4"]
[White "Plaskett, H James"]
[Black "Baburin, Alexander"]
[Result "0-1"]
[WhiteElo "2462"]
[BlackElo "2565"]
[Annotator "Finkel,A"]
[PlyCount "74"]
[EventDate "2001.09.22"]
[EventType "team"]
[EventRounds "11"]
[EventCountry "ENG"]
[SourceTitle "CBM 089"]
[Source "ChessBase"]
[SourceDate "2002.08.12"]
[SourceVersion "1"]
[SourceVersionDate "2002.08.12"]
[SourceQuality "1"]
[WhiteTeam "Guildford"]
[BlackTeam "Wood Green"]
[WhiteTeamCountry "ENG"]
[BlackTeamCountry "ENG"]

1. e4 Nf6 2. e5 Nd5 3. Nf3 d6 4. d4 Bg4 5. Be2 e6 6. h3 Bh5 7. O-O Be7 8. c4
Nb6 9. Nc3 O-O 10. Be3 a6 11. exd6 {The idea behind this move is to start an
actions on the queenside where white has an advantage.} (11. Qb3 dxe5 12. Nxe5
Bxe2 13. Nxe2 N8d7 14. Rfd1 Qc8 15. Nf3 $14 {Tatai,S-Zelcic,R/Formia 1995}) (
11. b3 d5 12. c5 N6d7 (12... Nc8 13. b4 Nc6 14. a3 f6 15. exf6 Bxf6 16. g4 Bg6
17. Qb3 h6 18. Rad1 $14 {Psakhis,L-Ehlvest,J/Novosibirsk 1993}) 13. Ne1 (13.
Nh2 Bg6 14. Qd2 Nc6 15. f4 Nxc5 16. dxc5 d4 17. Bf2 $16 {Gavrikov,V-Fioramonti,
H/Lugano 1989}) 13... Bg6 14. Bd3 Nc6 15. Bxg6 hxg6 16. Qg4 Qe8 17. Nf3 f5 18.
Qg3 $14 {Rublevsky,S-Bogdanovski,V/Budva 1996}) 11... cxd6 12. c5 $5 (12. Qb3
N8d7 13. Rac1 Rc8 14. Nd2 Bxe2 15. Nxe2 Bg5 $2 16. Bxg5 Qxg5 17. Ne4 Qe7 18. c5
dxc5 19. dxc5 Nd5 20. Qxb7 $16 {Anand,V-Morozevich,A/Moscow 1995}) (12. Nd2
Bxe2 13. Qxe2 N8d7 14. Rfd1 Rc8 15. a4 a5 16. Nb5 $14 {Van der Wiel,J-Blees,A/
Antwerp 1999}) 12... dxc5 (12... Nc8 13. Qb3 b6 14. cxd6 Bxd6 15. g4 Bg6 16.
Ne5 Bxe5 17. dxe5 $14 {Schmittdiel,E-Horvath,C/Gausdal 1994}) (12... N6d7 13.
cxd6 Bxd6 14. d5 e5 15. Ne4 Nf6 16. Bg5 Bg6 17. Nxf6+ gxf6 18. Bh6 Re8 19. Nd2
$16 {Fercec,N-Zelcic,R/Pula 1994}) 13. dxc5 N6d7 (13... Nd5 $2 14. Nxd5 Qxd5 (
14... exd5 15. Qb3 $1 $16 {[%cal Ga1d1]}) 15. Qxd5 exd5 16. Rfd1 Rd8 17. Rd2
Nc6 18. Rad1 $16) 14. b4 a5 15. a3 axb4 16. axb4 Rxa1 17. Qxa1 Nc6 18. Rd1 Qc8
({Of course not} 18... Nxb4 $2 19. Ne5 Bxe2 (19... Bf6 20. Rxd7 Qc8 21. Bxh5
Bxe5 22. Rd1 $18) 20. Rxd7 Qe8 21. Nxe2 Nc2 22. Qd1 $18 {and white is just a
piece up}) 19. Qa4 Rd8 20. g4 $5 ({I like} 20. Ne4 $5 {[%cal Ge4d6,Gb4b5]} Bxf3
21. Bxf3 Nde5 22. Rxd8+ Qxd8 23. Be2 $14 {and black still has to fight for a
draw.}) 20... Bg6 21. b5 $5 {[%csl Rc5]} Ncb8 22. Qa7 $6 {White queen is
misplaced on a7 so better was} (22. Qc4 Re8 23. Na4 $14) 22... Re8 $1 23. c6 (
23. Rc1 Bxc5 24. Bxc5 Qxc5 25. Qxc5 (25. Qxb7 Qa3 $19 {[%csl Rc1,Rc3]}) 25...
Nxc5 26. Ne5 Nbd7 $17) (23. Na4 Bc2 $17) 23... bxc6 24. b6 h5 $1 25. Rc1 (25.
Bf4 hxg4 26. hxg4 Bf6 27. b7 Qd8 28. Ne5 Bxe5 29. Bxe5 Qg5 $17) 25... hxg4 26.
hxg4 Qd8 27. Rd1 Bf6 $5 28. Na4 Bc2 {Coming to d5!} 29. Rd2 Be4 $1 {[%cal
Ge4d5]} 30. Nc5 Bd5 $17 31. Nxd7 Nxd7 32. b7 {[%csl Rb7] White pawn is very
close to become a queen, but it proves to be impossible to make a final step
since square b8 is well protected by black pieces.} (32. Rd1 c5 33. Rb1 Bc3 $17
{[%cal Gc3b4]}) 32... Qe7 33. g5 Bc3 34. Rd3 Qb4 $19 {Preparing to take the
b-pawn.} 35. Bd4 Bxd4 36. Rxd4 Qb2 37. Bd1 Rb8 0-1

[Event "BCF-chT 0102 (4NCL)"]
[Site "Birmingham"]
[Date "2002.05.05"]
[Round "10.1"]
[White "Rowson, Jonathan"]
[Black "Crouch, Colin S"]
[Result "1-0"]
[WhiteElo "2527"]
[BlackElo "2365"]
[Annotator "Finkel,A"]
[PlyCount "121"]
[EventDate "2001.09.22"]
[EventType "team"]
[EventRounds "11"]
[EventCountry "ENG"]
[SourceTitle "CBM 089"]
[Source "ChessBase"]
[SourceDate "2002.08.12"]
[SourceVersion "1"]
[SourceVersionDate "2002.08.12"]
[SourceQuality "1"]
[WhiteTeam "Guildford"]
[BlackTeam "Barbican II"]
[WhiteTeamCountry "ENG"]
[BlackTeamCountry "ENG"]

1. e4 Nf6 2. e5 Nd5 3. d4 d6 4. Nf3 Bg4 5. Be2 c6 6. c4 Nc7 7. O-O (7. Ng5 $5
Bf5 8. g4 Bxb1 9. Rxb1 dxe5 10. dxe5 Qxd1+ 11. Kxd1 h6 12. Ne4 Nd7 13. f4 g5 $1
$132 {Ernst,T-Cramling,P/Copenhagen 1982}) 7... Bxf3 (7... Nd7 8. exd6 exd6 9.
Nc3 Be7 10. h3 Bh5 11. Re1 O-O 12. Bf4 (12. d5 c5 13. Bf4 a6 14. a4 f5 15. Nh2
Bf7 16. Bd3 g6 17. Qc2 $16 {Campora,D-Paulsen,D/Dortmund 1981}) 12... Nb6 13.
Qb3 Kh8 14. a4 Rb8 15. Rad1 f5 16. a5 Nd7 17. c5 $14 {Schneider,L-Cramling,D/
Karlskrona 1983}) (7... g6 8. Nc3 Bxf3 9. gxf3 dxe5 10. dxe5 Qxd1 11. Rxd1 Nd7
$11 {Braeunlin,K-Kindl,P/Friedrichshafen 1983}) 8. exd6 $5 {Heading for an
endgame which is slightly better for white.} (8. Bxf3 dxe5 9. dxe5 Qxd1 10.
Rxd1 Nd7 11. Bf4 g6 (11... h5 12. Re1 Ne6 13. Bd2 Nd4 14. Bd1 e6 15. Bc3 Nf5
16. Bc2 g6 17. Nd2 Be7 18. Rad1 $14 {Nielsen,P-Radzikowska,K/Katowice 1993})
12. Re1 Ne6 13. Bd2 O-O-O 14. Ba5 Re8 15. Bg4 Bg7 16. Bc3 Rd8 17. g3 $14 {
Wolski,T-Patty,J/Reno 1994}) 8... Bxe2 9. dxc7 Bxd1 10. cxd8=Q+ Kxd8 11. Rxd1
Nd7 {This move is an improvment comparing to} (11... e6 $6 12. Bf4 Nd7 13. Nc3
Be7 14. h3 Rc8 15. Rd3 Nb6 16. d5 $1 $36 {and black king feels very unsafe on
d8; Kudrin,S-Cramling,D/Gausdal 1982}) 12. Nc3 g6 13. b4 $5 Bg7 14. b5 Rc8 ({
Deserved attention} 14... cxb5 15. Nxb5 a6 (15... Rc8 16. c5 a6 17. Na3 b5 $6
18. Nc2 $14 {[%cal Ga2a4]}) 16. Na3 Kc7 17. Rb1 Rad8 18. Bf4+ e5 $13 {with
unclear position.}) 15. c5 b6 (15... cxb5 16. Nxb5 a6 17. Na3 Rxc5 $1 (17... b5
$6 18. Nc2 $14) 18. Bh6 $1 Bxh6 19. dxc5 Kc7 $11) 16. a4 $5 {Interesting
tactical idea, however promising white only equality.} bxc5 17. dxc5 cxb5 $5 (
17... Bxc3 $2 18. Ra3 Bb4 19. Rad3 cxb5 20. Rxd7+ Ke8 21. axb5 Bxc5 22. Be3 $16
) 18. axb5 Bxc3 19. Rxa7 $1 Rc7 20. Ra8+ Rc8 21. Ra3 Bb4 $2 {Bad decision.
After correct} (21... Rxc5 $1 22. Bf4 (22. Be3 $6 Rxb5 23. Ra7 Ke8 24. Raxd7
Rb8 $1 $17) 22... e5 23. Rxc3 Rxc3 24. Bxe5 Rb3 25. Bxh8 Rxb5 $11 {the draw is
just inevitable.}) 22. Rad3 Bxc5 23. Rxd7+ Ke8 24. Be3 $1 $14 Bxe3 $6 (24...
Bd6 $5 25. Ra7 f6 26. b6 Rf8 $14) 25. fxe3 f6 26. b6 $16 {Now black is in
troubles.} Rc1 $1 (26... Kf7 27. b7 Rb8 28. R1d6 $18 {[%cal Gg1f1,Gf1a6,Ga6a7]}
) 27. Rxe7+ Kxe7 28. Rxc1 Kd6 29. g4 $1 (29. Rb1 $2 Kc6 30. Kf2 Rb8 31. Kf3
Rxb6 32. Rxb6+ Kxb6 33. Ke4 Kc6 $11) 29... Rb8 30. Rf1 Ke5 31. Rb1 Kd5 32. Kg2
Kc5 33. b7 Kc6 34. Rf1 $1 (34. Kf3 Rxb7 35. Rxb7 Kxb7 36. Ke4 Kc6 $11 37. g5
$140 $2 fxg5 38. Ke5 h5 39. Kf6 g4 40. Kxg6 h4 $19) 34... Rxb7 35. Rxf6+ Kd5
36. Rf8 Ke5 37. Re8+ Kf6 38. h4 h6 39. Ra8 Kg7 40. Kf3 Rf7+ 41. Kg3 Re7 42. Kf3
Rf7+ 43. Ke2 Rb7 44. Ra4 $5 Rb1 $6 {It's not so easy to defend this position,
but with correct play black should hold on.} (44... Kf6 $14) 45. Kf3 Rh1 $6 46.
g5 hxg5 47. hxg5 Rh3+ 48. Ke2 Rg3 49. Ra5 Kf7 50. Re5 Rg1 51. Kf3 Ra1 52. Kf4
Rf1+ (52... Ra4+ 53. e4 Ra6 54. Rb5 Ke7 55. Rb7+ Ke8 56. Ke5 $18) 53. Ke4 Ra1
54. Rc5 Rg1 55. Kf4 Ke6 (55... Rf1+ 56. Ke5 $1 Rf5+ 57. Kd6 Rxc5 58. Kxc5 Ke6
59. Kd4 Kf5 60. e4+ Kxg5 61. e5 Kf5 62. Kd5 $18) 56. Rc6+ Kf7 57. Rc7+ Kf8 58.
e4 Rg2 59. Ke5 $1 Ra2 60. Kd6 Ra6+ 61. Rc6 1-0